Επιλογή από το ποιητικό του έργο
Αποθηκεύτηκε σε:
| Κύριος συγγραφέας: | |
|---|---|
| Μορφή: | Βιβλίο |
| Γλώσσα: | Greek |
| Δημοσίευση: |
Λευκωσία :
Μορφωτική Υπηρεσία Υπουργείου Παιδείας,
1990.
|
| Σειρά: | Ελληνική λογοτεχνία Κύπρου ;
3 |
| Θέματα: | |
| Ετικέτες: |
Προσθήκη ετικέτας
Δεν υπάρχουν, Καταχωρήστε ετικέτα πρώτοι!
|
MARC
| LEADER | 00000cam a2200000 i 4500 | ||
|---|---|---|---|
| 001 | 1/77401 | ||
| 008 | 970213s1990 cy | ||| |||| ||gre|| | ||
| 020 | |a 9963000150 | ||
| 035 | |a 1993 |b 1 |c Δωρεά |l 10032652 | ||
| 040 | |a GR-MY-UA |b gre |e aacr | ||
| 041 | 0 | |a gre | |
| 082 | 7 | |a 889.14 |2 (22) | |
| 100 | 1 | |a Χρυσάνθης, Κύπρος |d 1915- | |
| 245 | 1 | 0 | |a Επιλογή από το ποιητικό του έργο / |c Κύπρος Χρυσάνθης. |
| 260 | |a Λευκωσία : |b Μορφωτική Υπηρεσία Υπουργείου Παιδείας, |c 1990. | ||
| 300 | |a 87 σ. ; |c 24 εκ. | ||
| 490 | 1 | |a (Ελληνική λογοτεχνία Κύπρου ; |v 3) | |
| 650 | 0 | 0 | |a Cyprian poetry. |
| 830 | 0 | |a Ελληνική λογοτεχνία Κύπρου ; |v 3 | |
| 852 | |a INST |b RHODES |e 19970213 |h 889.14 ΧΡΥ |p 005400000226 |q 005400000226 |t BK |y 0 | ||
| 909 | |a Ρ |b 024613 | ||
| 970 | |z 2000/06 | ||